000 00486nam a22001937a 4500
003 MPLRDC
005 20220104144528.0
008 210129b ||||| |||| 00| 0 eng d
020 _a986-7914-39-2
082 _a857.7 ZMXL v.16
100 _a染香群
245 _a不是真心欺骗你
_c
250 _a初版
260 _a
_b女生出版文化事业有限公司
_c2002
300 _b
490 _a织梦系列. 16
650 _a长篇小说
942 _cBK
_o857.7 ZMXL v.16
999 _c50500
_d50490